Bytový dom
Guardado en:
| Autor principal: | |
|---|---|
| Otros Autores: | |
| Formato: | Manuscrito Libro |
| Lenguaje: | eslovaco |
| Publicado: |
Bratislava :
STU v Bratislave SvF,
2012
|
| Materias: | |
| Acceso en línea: | VAIS https://opac.crzp.sk/?fn=detailBiblioForm&sid=873ABE7B6F49B7A56B4ECF9670EF |
| Etiquetas: |
Sin Etiquetas, Sea el primero en etiquetar este registro!
|
MARC
| LEADER | 00000ntm a22000003a 4500 | ||
|---|---|---|---|
| 001 | stu252648 | ||
| 005 | 20231026092429.6 | ||
| 008 | 120721s2012----xo------------------slo-d | ||
| 040 | |a STU |b slo | ||
| 041 | 0 | |a slo | |
| 044 | |a xo | ||
| 100 | 1 | |a Nemček, Ľudovít, |d 1989- |4 aut |u V |T SvF Stavebná fakulta |X 59103 |U V |Y 10 |7 A000059103 | |
| 245 | 1 | |a Bytový dom | |
| 260 | |a Bratislava : |b STU v Bratislave SvF, |c 2012 | ||
| 650 | 7 | |a pozemné stavby a architektúra |2 stusub | |
| 650 | 7 | |a Building Structures and Architecture |2 estusub | |
| 650 | 7 | |a bytový dom |2 stusub | |
| 700 | 1 | |a Ohrablo, František, |d 1938- |4 ths |u V180 |U SvF Stavebná fakulta |T SvF Katedra konštrukcií pozemných stavieb |X 735 |U V180 |Y 18 |7 A000000735 | |
| 856 | 4 | |a info a plný text |u http://is.stuba.sk/zp/portal_zp.pl?podrobnosti=60584 |3 VAIS | |
| 856 | 4 | |a CRZP |u https://opac.crzp.sk/?fn=detailBiblioForm&sid=873ABE7B6F49B7A56B4ECF9670EF | |